000 01237pam a2200325 a 4500
001 1581344
003 OSt
005 20241029172313.0
008 931209s1994 enka b 001 0 eng
010 _a 93048554
020 _a0521465036 (hardback)
020 _a0521469112 (paperback)
040 _aDLC
_cmust
_dDLC
050 0 0 _aTA174
_b.F75 1994
082 0 0 _a620.4
_220
100 1 _aFrench, M. J.
_919296
245 1 0 _aInvention and evolution :
_bdesign in nature and engineering /
_cMichael French.
250 _a2nd ed.
260 _aCambridge ;
_aNew York :
_bCambridge University Press,
_c1994.
300 _axx, 367 p. :
_bill. ;
_c26 cm.
504 _aIncludes bibliographical references (p. 358-361) and index.
650 0 _aEngineering design.
_94897
650 0 _aStructural design.
_919297
650 0 _aNature (Aesthetics)
_919298
856 4 2 _3Publisher description
_uhttp://www.loc.gov/catdir/description/cam026/93048554.html
856 4 1 _3Table of contents only
_uhttp://www.loc.gov/catdir/enhancements/fy0708/93048554-t.html
906 _a7
_bcbc
_corignew
_d1
_eocip
_f19
_gy-gencatlg
942 _2ddc
_cB_BANK
999 _c9462
_d9462